[Event "EU-Cup 15th final"]
[Site "Bugojno"]
[Date "1999.10.31"]
[Round "3"]
[White "Tiviakov, Sergei"]
[Black "Kozul, Zdenko"]
[Result "1/2-1/2"]
[WhiteElo "2611"]
[BlackElo "2612"]
[Annotator "Gofshtein,L"]
[PlyCount "76"]
[EventDate "1999.10.29"]
[EventType "team-k.o."]
[EventRounds "3"]
[EventCountry "BIH"]
[SourceTitle "EXT 2020"]
[Source "ChessBase"]
[SourceDate "2019.10.17"]
[SourceVersion "1"]
[SourceVersionDate "2019.10.17"]
[SourceQuality "1"]
[WhiteTeam "Zemun Agrouniverzal"]
[BlackTeam "Sarajevo Bosna"]
[WhiteTeamCountry "SRB"]
[BlackTeamCountry "BIH"]

1. e4 c5 2. Nf3 Nc6 3. d4 cxd4 4. Nxd4 Nf6 5. Nc3 d6 6. Bg5 e6 7. Qd2 a6 8.
O-O-O Bd7 9. f4 b5 10. Bxf6 gxf6 11. Kb1 ({Deserved attention typical} 11. f5
$5 Nxd4 12. Qxd4 Bh6+ 13. Kb1 Bf4 14. fxe6 fxe6 15. Ne2 Be5 16. Qd2 Qb6 17. Nf4
a5 18. g3 O-O 19. Bh3 {+= white has more active position.}) 11... Qb6 12. Nxc6
(12. Nce2 $5 {preventing development of the blacks bishop to more active place.
} Rc8 13. g3 h5 14. Bg2 Na5 15. b3 Nc6 16. Rhf1 Qa5 17. c3 Qb6 (17... Nxd4 18.
Qxd4 (18. cxd4 Qxd2 19. Rxd2 Be7 $132) 18... Be7 19. e5 $1 fxe5 20. fxe5 d5 21.
Bxd5 exd5 22. e6 {+-}) 18. f5 Bh6 19. Qe1 Nxd4 20. Nxd4 e5 21. Nc2 a5 $132 {
Hjartarson-Ermolinsky,Erevan 1996}) (12. Nf3 O-O-O 13. g3 Kb8 14. Bh3 Bc8 15.
f5 h5 16. Qe1 Bh6 17. Ne2 Ne5 18. Ned4 Ng4 19. fxe6 fxe6 20. Qc3 Bb7 21. Nxe6
Rc8 {~ Liberzon-Zaltsman,Lone Pine 1981}) 12... Bxc6 13. Qe1 (13. f5 b4 14. Ne2
e5 15. Ng3 h5 16. Be2 (16. h4 a5 17. Bc4 Rc8 18. Qe2 {+/- Van der Wiel}) 16...
h4 17. Nh5 Be7 18. Bf3 a5 19. g3 hxg3 20. hxg3 O-O-O 21. g4 a4 22. Rhe1 Qc5 23.
Qe3 Kc7 {~ Huebner -Dreev,Nyssloch 1996}) 13... Ra7 $5 {White has threatened
14.Nd5.In this moment it was replied by 14...exd5 15.exd5+ Re7} (13... Qc5 $5)
(13... Be7 14. f5 Qc5 15. fxe6 (15. Qh4 h5 16. Bd3 O-O-O 17. Qh3 $40 {1-0
Kutuzovic,B-Bertok,M/Zagreb 1997/EXT 99 (40)}) 15... fxe6 16. Bd3 Kf7 17. Rf1
Rag8 18. Rd2 b4 19. Nd1 a5 20. Rdf2 {~ with some pressure Hrachek-Popovich,
Brno 1992}) (13... O-O-O 14. Bd3 h5 15. Rf1 Kb8 16. a3 $1 {preventing blacks
counterplay on the queenside} Bb7 17. f5 Qc5 18. fxe6 fxe6 19. Rxf6 Qe5 20. Rf7
{+/- Lalich-Kozul,Croatia 1997}) 14. f5 (14. Bd3 b4 15. Ne2 a5 16. f5 e5 {
~ 0-1 Gyorkos,L-Kozul,Z/Osijek 1992/EXT 99 (35)}) 14... h5 {other
possibilities are:} (14... b4 15. Ne2 e5 (15... Bxe4 16. fxe6 fxe6 17. Nf4 {+/-
}) 16. Ng3 h5 (16... Qc5 17. Nh5 Be7 18. Qh4 Qe3 19. Bd3 {+/-}) 17. Be2 $1 $36
{Gurevich,I-Kozul,Z/Biel izt 1993/1-0 (53)}) (14... Rg8 15. Qh4 Ke7 16. Ne2 $1
e5 17. Ng3 Qe3 (17... h6 $2 18. Rxd6 $1 Kxd6 19. Qxf6+ {+-}) 18. Qxh7 Rg7 19.
Qh8 Bxe4 20. Bd3 $1 Bxg2 21. Rhe1 Qc5 22. Be4 $40 {1-0 Dimitrov,V-Kozul,Z/
Linares 1996 (52)}) 15. Bd3 {In my opinion more promising was 15.fxe6, opening
'f' line for the attack.} (15. fxe6 $5 fxe6 16. Bd3 Rg7 17. Rf1 Be7 18. g3 Qc5
19. Ne2 Bd8 20. Nf4 Kd7 21. Rf3 Qe5 22. Bf1 $36 {1-0 Zontakh, A-Simonovic,A/
Ulcinj 1998/EXT 99 (52)}) 15... b4 $5 {Black transfers the game to the usual,
for this variation, pawn structure.Kozul plays this variation very often,
scoring well.} (15... Qc5 $6 16. Rf1 (16. fxe6 $5 fxe6 17. Rf1 Bg7 18. Ne2 Rh6
19. c3 Rb7 20. Nf4 Qe5 21. Bc2 $36 {1-0 Palac,M-Fercec, N/Zadar 1997/EXT 99 
(30)}) 16... e5 $132 {0-1 Palac,M-Kozul,Z/Medulin 1997/EXT 99 (59)}) 16. Ne2 e5
17. Qh4 {Risky plan,in spite of winning pawn,white collides with some problems.
17.h4 was very intresting} (17. h4 $5 {attacking weak 'h' pawn and preventing
development of the bishop h6.} a5 18. Ng3 a4 19. Bc4 {+=}) 17... Ke7 18. Ng3
Bh6 $5 19. Qxh5 Qc5 20. Rhe1 a5 {Black has sufficient counterplay for the lost
pawn.} 21. b3 {with idea Bc4} Bb5 22. Bxb5 Qxb5 23. Nf1 {+=} a4 24. Ne3 (24.
Qe2 Qc6 25. Qd3 (25. Ne3 Bxe3 26. Qxe3 Rc7 $36) 25... axb3 26. cxb3 Rc8 27. Ne3
Bxe3 28. Rxe3 Ra5 $132) 24... Bxe3 25. Qxh8 axb3 26. cxb3 Bf2 {Black tries to
complicate the game in mutual timetrouble, missing possibility to force the
draw after:} (26... Qc6 $1 27. Qh4 (27. Rxe3 Rxa2 28. Kxa2 (28. Rc1 Ra1+) 28...
Qc2+ 29. Ka1 Qxd1+ 30. Kb2 Qd2+ 31. Ka1 Qxe3 {-/+}) 27... Rxa2 28. Kxa2 Qc2+
29. Ka1 Qc3+ {=}) 27. Rxd6 $8 (27. Rf1 Qe2 {-+}) 27... Kxd6 28. Qxf6+ Kc7 29.
Rc1+ Kb7 30. Qxf7+ Ka6 31. Qe6+ Bb6 32. Qc8+ Ka5 33. g4 Qd3+ 34. Qc2 Qe3 35.
Qc6 (35. Qc4 $6 Rd7 36. a3 Qd3+ 37. Rc2 Qxc4 38. Rxc4 bxa3 39. Ka2 Rd2+ 40.
Kxa3 Rxh2 41. Rc8 Kb5 42. Rb8 Rg2 {-/+}) 35... Qd3+ 36. Rc2 Qd1+ 37. Rc1 Qd3+
38. Rc2 Qd1+ 1/2-1/2

[Event "Corus-B"]
[Site "Wijk aan Zee"]
[Date "2003.01.19"]
[Round "7"]
[White "Karjakin, Sergey"]
[Black "Nijboer, Friso"]
[Result "1-0"]
[WhiteElo "2547"]
[BlackElo "2553"]
[Annotator "Gofshtein,L"]
[PlyCount "55"]
[EventDate "2003.01.14"]
[EventType "tourn"]
[EventRounds "13"]
[EventCountry "NED"]
[EventCategory "13"]
[SourceTitle "CBM 093"]
[Source "ChessBase"]
[SourceDate "2003.04.01"]
[SourceVersion "1"]
[SourceVersionDate "2003.04.01"]
[SourceQuality "1"]

1. e4 c5 2. Nf3 Nc6 3. d4 cxd4 4. Nxd4 Nf6 5. Nc3 d6 6. Bg5 e6 7. Qd2 a6 8.
O-O-O Bd7 9. f4 h6 {This opening variation doesn't have good reputation;} 10.
Bh4 g5 {Other continuations of black lead to clear advantage of white as well;}
(10... Nxe4 $6 11. Nxe4 (11. Qe1 $1 Nf6 (11... g5 $2 12. Nxe4 gxh4 13. Nf5 $40)
12. Nf5 Qa5 13. Nxd6+ Bxd6 14. Rxd6 O-O-O 15. Rd1 $1 (15. Qd2 Ne7 $132 {
1/2-1/2 Gligoric,S-Averbakh,Y/Zuerich 1953/Candidates (42)}) 15... Qc7 16. Qf2
Ne7 17. Bd3 Bc6 18. f5 e5 19. Rhe1 {Spassky -Rabar 1955}) 11... Qxh4 12. Nf3
Qe7 13. Nxd6+ Qxd6 14. Qxd6 Bxd6 15. Rxd6 Ke7 16. Rd2 Rhd8 $11 {1/2-1/2
Konstantinopolsky,A-Boleslavsky,I/Sverdlovsk 1943/HCL (33)}) (10... Be7 11. Nf3
$1 b5 12. e5 b4 13. exf6 bxc3 14. Qxc3 gxf6 15. f5 $16 {Thiemann-Reinolds 1966}
) (10... b5 11. Bxf6 gxf6 12. g3 Qb6 13. Nb3 h5 14. Kb1 O-O-O 15. f5 $16 {
1-0 Huebner,R-Shamkovich,L/Rio de Janeiro 1979/IZT (48)}) 11. fxg5 Ng4 12. Be2
$5 {12.Nf3 is less dangerous for black;} (12. Nf3 hxg5 13. Bg3 (13. Bxg5 $2 f6
$1) 13... Be7 14. Kb1 Nge5 $14) 12... Nge5 13. Nf3 Be7 14. Rhg1 $5 {White is
just protecting g5 pawn this way- 14...Nxf3 15.gxf3 and Rg1 guards g5 there;}
b5 15. Rdf1 Rb8 {15...b4 is more popular here and black gets some counterplay
in that case;} (15... b4 16. Nd1 a5 (16... Qa5 17. Kb1 hxg5 18. Bxg5) 17. Kb1 (
17. Bb5 Rc8 18. Kb1 Qb6 19. Nxe5 Nxe5 20. Bxd7+ Kxd7 21. Bf2 Qc6 22. Bd4 Bxg5
23. Qe2 Ke7 $132 {0-1 Palac,M-Kozul,Z/Pula 1998/EXT 2000 (56)}) 17... a4 18.
Bb5 (18. Nxe5 Nxe5 19. Qxb4 hxg5 20. Bg3 Rb8 21. Qd4 O-O 22. Rh1 Qc7 23. h4 g4
24. Qd2 Bc6 25. Bd3 {1/2-1/2 Sax,G-Kozul,Z/Sarajevo 1998/CBM 64 ext (25)})
18... Ra5 19. Bxc6 Bxc6 20. Qxb4 hxg5 21. Bxg5 Bxg5 22. Nxg5 Rb5 23. Qd2 Nc4
24. Qc3 Qxg5 25. Qxc4 Qc5 26. Qc3 $16 {1-0 Krakops,M-Van der Wiel,J/Pula 1997/
CBM 57 ext (40)}) 16. Nd1 {[%cal Rd1f2,Rf2d3] White is just transferring the N
to better outpost;} a5 17. Kb1 b4 18. b3 $5 $146 {[%cal Rd1b2,Rb2a4,Rb2c4]
[%mdl 12] This is important theoretical impovment of this line! White
restricts Ne5 by this move and also stops black's attack over the queenside;
In addition white gonna place his N to b2 taking control over important
squares;} (18. Nf2 a4 19. Nd3 Nc4 20. Qc1 Qa5 $132 {0-1 Frolyanov,D-Andreev,E/
Kubanskaja Osen, Krasnodar RUS 2002 (33)}) 18... a4 19. Nb2 {Forcing black to
clear up things regarding those queenside pawns;} axb3 20. cxb3 Qa5 $6 {
20..hxg5 deserves attention, while white has advantage in that case as well
thanks to vulnerable king of black and weak pawns d6 and f7;} (20... hxg5 $5
21. Bxg5 Bxg5 22. Nxg5 Ra8 23. Bb5 Qb6) 21. g6 $5 {White is creating
additional targets in black's position this way; Also white is trading
dark-square bishops now which makes black's position even more weak; Lines are
getting open now as well!} fxg6 {after 21...Bh4 black's position looks very
dangerous as well;} (21... Bxh4 22. gxf7+ Nxf7 23. Nxh4) 22. Bxe7 Kxe7 23. Rd1
{[%cal Gd2d6]} Qc7 24. Nc4 $1 {Trading strong Ne5, white is increasing
pressure on black's position over the centre and kingside;} Nxc4 25. Bxc4 $16
Na5 {Black is trying to complicate things blundering white's decisive break in
the centre; Black is suffering hard here anyhow;} 26. e5 $1 d5 (26... Nxc4 27.
bxc4 dxe5 28. Nxe5 $40) 27. Bd3 Qc3 28. Qf4 $1 $18 {Black resigned because of
next line: 28...Rbf8 29.Qh4g5 30.Ng5 and white wins;} (28. Qf4 Rbf8 29. Qh4+ g5
30. Nxg5 hxg5 31. Qxg5+ {[%cal Gd3g6]}) 1-0

[Event "Solin 7th+"]
[Site "Solin"]
[Date "1999.12.11"]
[Round "2"]
[White "Smirin, Ilia"]
[Black "Kozul, Zdenko"]
[Result "1/2-1/2"]
[WhiteElo "2671"]
[BlackElo "2612"]
[Annotator "Gofshtein,L"]
[PlyCount "112"]
[EventDate "1999.12.10"]
[EventType "tourn"]
[EventRounds "9"]
[EventCountry "CRO"]
[EventCategory "13"]
[SourceTitle "CBM 075"]
[Source "ChessBase"]
[SourceDate "2000.04.05"]
[SourceVersion "1"]
[SourceVersionDate "2000.04.05"]
[SourceQuality "1"]

{[%mdl 20480]} 1. e4 c5 2. Nf3 Nc6 3. d4 cxd4 4. Nxd4 Nf6 5. Nc3 d6 6. Bg5 e6
7. Qd2 a6 8. O-O-O Bd7 9. f3 Rc8 10. Nxc6 $5 (10. Kb1 {-one of main lines})
10... Bxc6 (10... Rxc6 $6 11. g4 Be7 (11... h5 12. gxh5 Qa5 13. h6 Rxc3 14.
bxc3 $16 {1-0 Werner,M-Dueball,J/BL 1992 (36)}) 12. Bg2 Qa5 13. h4 b5 14. a3
Qc7 15. f4 Ng8 16. f5 $16 {1-0 Zvorikina,K-Bikova,E/Rostov-on-Don URS 1953 (35)
}) 11. Kb1 (11. Bd3 Be7 12. Rhe1 h6 13. Bf4 e5 14. Be3 b5 15. Kb1 b4 16. Ne2 d5
17. exd5 Bxd5 $11 {1-0 Wexler,B-Behrensen,J/ch-Buenos Aires 1964 (31)}) 11...
b5 $2 $14 {[%csl Ra6,Rb5] this hasty move create weak pawns on Queen side} ({
With Thomas Luther Zdenko Kozul played better} 11... Be7 12. h4 b5 13. Bd3 O-O
14. Ne2 Nd7 15. Ng3 Nc5 16. Be2 f6 17. Bf4 Nb7 18. Nf1 Qb6 19. Ne3 Rfd8 20.
Rhe1 Be8 21. g4 $14 {1-0 Luther,T-Kozul,Z/Nova Gorica SLO 2000 (33)}) 12. Ne2
$1 {[%csl Ra6,Rb5,Rc6][%cal Ge2d4,Gf1a6]} Bb7 (12... h6 $5 13. Bxf6 (13. Be3
Be7 14. Nd4 Bb7 $132) 13... Qxf6 14. Nd4 (14. Qa5 Bb7 15. a4 (15. Qb6 Qe7 16.
Nd4 Qc7 17. Qxc7 Rxc7 $11) 15... Qd8 16. Qxd8+ Kxd8 17. axb5 axb5 18. c3 {
[%cal Ge2d4]} Be7 19. Nd4 b4 20. cxb4 $14) 14... Bd7 15. Qa5 e5 16. Nf5 (16.
Ne2 Rc6 17. Nc3 Qd8 18. Qxd8+ Kxd8 19. Nd5 $14) 16... Bxf5 17. exf5 Rc6 18. a4
Qxf5 19. Bd3 Qg5 20. axb5 Rc5 21. b4 $16) 13. Nd4 h6 $2 $16 (13... Be7 {
[%cal Gf6e4]} 14. Be3 (14. g4 $2 Nxe4 $19) (14. h4 h6 15. Be3 d5 16. e5 Nd7 17.
f4 Bxh4 18. g4 Be7 19. g5 (19. f5 Nxe5 20. fxe6 Nxg4 21. exf7+ Kxf7 22. Bh3 h5
$15) 19... Nc5 20. Bg2 Ne4 21. Bxe4 dxe4 22. Qg2 Qa5 23. gxh6 (23. Nxe6 fxe6
24. gxh6 Bd5 25. c4 $3 bxc4 26. hxg7 Rg8 27. Qg6+ Kd7 28. f5 Kc6 29. f6 c3 $19)
23... Bd5 24. b3 (24. a3 gxh6 25. Qg7 (25. f5 b4 26. Nxe6 (26. Rxh6 Rxh6 27.
Bxh6 bxa3 28. Qg8+ Kd7 29. Qxf7 axb2 30. fxe6+ Kc7 31. Qxe7+ Kb8 32. Qd6+ Ka8
$19) 26... bxa3 27. Ng7+ Kf8 $19) 25... Rf8 26. Rxh6 b4 27. Bd2 e3 28. Be1 e2
29. Nxe2 Qa4 30. Nd4 Be4 31. Rh2 bxa3 32. b3 a2+ 33. Ka1 Qa3 34. Qg4 $132)
24... Rxh6 25. Qxg7 Bf8 26. Qg2 Rxh1 27. Rxh1 Qc3 28. Rh3 Qe1+ 29. Bc1 Qd1 (
29... Ba3 30. Rh1 $18) (29... Bb7 30. Nxe6 fxe6 31. Qg6+ Kd8 (31... Kd7 32.
Rh7+ Be7 33. f5 $16) 32. Rh8 $16) 30. Qd2 Qxd2 31. Bxd2 Be7 $11) 14... O-O 15.
h4 $14) 14. Bxf6 $1 Qxf6 15. a4 $1 (15. Qa5 $2 Qd8 $11) 15... bxa4 (15... e5
16. Nf5 bxa4 17. Qb4 $16) 16. Qb4 Qe7 (16... Rc7 17. Bxa6 Bxa6 18. Qxa4+ Rd7
19. Qxa6 Be7 20. Nc6 $16) 17. Bxa6 $1 Bxa6 18. Qxa4+ Qd7 19. Qxa6 Be7 20. Qb5
$1 {Endgame with pawn more - the bast way to realize advantage.} Bf6 21. Rd3
Qxb5 $2 {Ununderstandable. One pawn less is not enough?} (21... Rc5 22. Qxd7+
Kxd7 23. Rhd1 Ra8 24. c3 $16) 22. Nxb5 {[%csl Rd6]} Rc5 (22... Rb8 23. Nxd6+
Ke7 24. Nc4 Rhc8 25. Rb3 Rxb3 26. cxb3 $18) 23. Nxd6+ Ke7 24. f4 (24. Rhd1 Be5
25. Nb7 (25. g3 Rb8 $1 $44) 25... Rb5 26. Rd7+ Kf6 27. Nd8 (27. f4 $5 Rxb2+ 28.
Kc1 Bc3 29. Nd8 Ra2 30. Rxf7+ Kg6 31. Rb7 $18) 27... Rxb2+ 28. Kc1 $18) 24...
Ra8 25. e5 (25. Rhd1 Rca5 26. c3 $18) 25... Rca5 26. Ra3 $1 Rxa3 27. bxa3 g5 (
27... Rxa3 28. Nb5 Ra4 29. exf6+ $18) 28. exf6+ Kxd6 29. Rd1+ Kc6 30. fxg5 hxg5
(30... Rxa3 31. gxh6 $18) 31. Rd3 e5 {In this won endgame not for long to wait
for victory.} 32. Rg3 (32. Kc1 {[%csl Rc6][%cal Gc1e3,Gd3d8]} e4 33. Rd4 e3 34.
Rd3 Re8 35. Kd1 e2+ 36. Ke1 Re6 37. a4 $18) 32... Kd5 33. Kb2 (33. Kc1 Ke6 $16)
33... e4 34. Rxg5+ Kd4 {[%csl Re4]} 35. Rg7 $4 $44 ({In "normal" chess it was
not difficult to find} 35. c3+ Ke3 (35... Kd3 36. Rd5+ Ke2 37. Rd7 e3 38. Rxf7
Kf2 39. g4 e2 40. Re7 e1=Q 41. Rxe1 Kxe1 42. g5 Kd2 (42... Rf8 43. h4 Kd2 44.
Kb3 (44. h5 Rb8+ 45. Ka2 Kc2 46. a4 Rb2+ 47. Ka3 Rb3+ $11) 44... Kd3 45. Kb4
Rh8 46. f7 Rxh4+ 47. Kc5 $18) 43. Kb3 Kd3 44. Kb4 Rf8 45. Kc5 $18) 36. Rf5 Ke2
(36... Kd2 37. Rd5+ $18) (36... Rg8 37. g3 Rh8 38. h4 Rg8 39. Rg5 $18) 37. h4
e3 38. g4 Ra4 39. g5 Rxh4 40. g6 fxg6 41. f7 gxf5 42. f8=Q $18) 35... Ra7 36.
Kc1 (36. h4 Ke3 37. h5 Kd2 38. Kb3 (38. h6 Rb7+ 39. Ka2 Kxc2 $11 {[%csl Ra2]
[%cal Gb7b2]}) 38... e3 39. Rg8 e2 40. Rd8+ Kc1 41. Re8 Kd1 42. g4 (42. h6 e1=Q
43. Rxe1+ Kxe1 44. g4 Kd2 45. g5 Rb7+ 46. Kc4 Kxc2 47. h7 Rb8 48. Kd5 Kb3 49.
g6 fxg6 50. f7 g5 51. Ke6 g4 52. Ke7 g3 53. f8=Q Rxf8 54. Kxf8 g2 55. h8=Q g1=Q
$11) 42... e1=Q 43. Rxe1+ Kxe1 44. g5 Ra5 45. g6 Rxh5 46. gxf7 Rh8 $11) 36...
Ke3 $1 37. Rg4 (37. Rg3+ Kf2 (37... Ke2 $5) 38. Kd2 Ra6 (38... Rd7+ 39. Kc3 Rd6
(39... e3 40. Rf3+ Ke2 41. a4 Rc7+ 42. Kd4 $18) 40. a4 Rxf6 41. Kd4 e3 42. Rxe3
Rd6+ 43. Kc5 $18) 39. c4 Rxf6 40. c5 Re6 41. Re3 Kxg2 $132) 37... Ra6 38. Kd1
Rb6 39. Rg3+ Kf2 40. c4 (40. Kd2 Rxf6 41. c4 Rd6+ 42. Kc3 f5 (42... e3 43. Rf3+
) 43. c5 Rd8 44. Rg5 (44. Kc4 f4 45. Rg4 Rf8 46. c6 e3 47. Rg7 e2 $19) 44... f4
45. Rf5 f3 46. gxf3 e3 47. Re5 e2 $11) 40... Rc6 (40... Rxf6 41. Kd2 (41. c5 e3
$19) 41... Rd6+ 42. Kc3 f5 43. c5 Rd8 (43... Rf6 44. Kd4 f4 45. Rb3 e3 46. Ke5
Rf8 47. Rb2+ e2 48. c6 $11) 44. Rg5 f4 45. Rf5 f3 46. gxf3 e3 47. Re5 e2 48. c6
Rd5 (48... e1=Q+ 49. Rxe1 Kxe1 50. Kc4 Ke2 51. Kc5 Kxf3 52. c7 Rd1 53. Kb6 Rb1+
$11) 49. Re7 Rc5+ 50. Kd2 Rd5+ 51. Kc3 $11) 41. Rg4 $2 $17 {After this mistake
White position is dangerous} (41. Rc3 Rxf6 42. c5 e3 43. Rc2+ Kf1 44. Re2 Re6
45. Re1+ Kf2 (45... Kxg2 46. Ke2 f5 47. Rf1 Re5 48. c6 Rc5 $11) 46. Re2+ Kf1
$11) 41... Rxc4 42. Rf4+ Ke3 (42... Kxg2 43. Ke2 Kxh2 $11) 43. Rf5 Rd4+ (43...
Ra4 44. g4 $1 (44. Rh5 Ra6 45. Rh3+ Kf2 46. Kd2 (46. Rh5 Rd6+ 47. Kc2 e3 48.
Rf5+ Kxg2 49. Re5 Kf3 50. h4 e2 51. a4 Rxf6 $19) (46. Rh4 Rd6+ 47. Kc2 e3 48.
Rf4+ Kxg2 49. Re4 Kf3 $19) 46... Rxf6 47. a4 Ra6 48. Ra3 Rd6+ 49. Kc2 e3 $19) (
44. Rg5 Ra6 45. Rg3+ Kf2 46. Kd2 Rxf6 47. a4 Ra6 (47... Rd6+ 48. Kc3 f5 49. Rg5
f4 50. Rf5 f3 51. gxf3 e3 52. Re5 e2 53. Kb4 Rd3 54. Rxe2+ Kxe2 55. a5 $11) 48.
Ra3 Rd6+ $19) 44... Rxa3 45. g5 Ra1+ 46. Kc2 Rg1 47. h4 Rh1 48. g6 Rxh4 $11)
44. Ke1 (44. Kc2 Rd2+ 45. Kc3 Rxg2 46. Rb5 Rxh2 47. Rb7 Rh7 48. a4 Kf2 49. Re7
Rh3+ (49... e3 50. Kd3 Rh8 51. Rxf7 e2 52. Re7 e1=Q 53. Rxe1 Kxe1 54. Ke4 $11)
50. Kc2 e3 51. a5 Rh1 52. Rxf7 e2 53. Re7 e1=Q 54. Rxe1 Kxe1 55. a6 Rh7 56. Kd3
$11) 44... Rd2 (44... Rc4 45. Kd1 Rd4+ 46. Ke1 Rc4 $11) (44... Ra4 45. Rh5 Ra6
46. Rh3+ Kd4 47. Rb3 Rxf6 $11) 45. Rg5 $6 (45. g4 $1 Rxh2 46. Kf1 $11 {[%cal
Gg4g5]}) 45... Re2+ 46. Kf1 Rb2 (46... Rf2+ 47. Ke1 Rxf6 48. Rg3+ Kd4 49. Ke2
$11) 47. g4 (47. Rg3+ $2 Kd2 48. Kf2 Rb6 49. Rg5 e3+ 50. Kg3 e2 51. Rd5+ Ke3
52. Re5+ Kd3 $19) 47... Kf3 ({Both of sides must play very careful!} 47... Rxh2
$2 48. Rf5 $1 (48. Rh5 Ra2 49. Rh3+ Kf4 50. Ke1 (50. Rh7 Kf3 51. Rh3+ Kxg4 52.
Rh7 Rxa3 53. Rxf7 Kf3 54. Kg1 e3 55. Re7 e2 56. f7 Kg3 $3 $19) 50... Kxg4 (
50... e3 51. g5 Rxa3 52. g6 $11) 51. Re3 Kf4 52. Rh3 Ke5 53. Re3 Rh2 54. Kf1
Rh6 $19) 48... Ra2 49. g5 Ra1+ 50. Kg2 Rxa3 51. g6 Ra2+ 52. Kg3 Ra8 53. g7 Kd2
54. Rd5+ $18) 48. Rf5+ Kxg4 49. Rf2 Rb3 50. Ke2 Rxa3 51. Rf1 Rh3 52. Kd2 Rxh2+
(52... Kg5 53. Ke2 Rxh2+ 54. Ke3 Rh4 55. Rf2 $8 Rg4 56. Rf1 Kh4 57. Rf4 Rxf4
58. Kxf4 e3 59. Kxe3 Kg5 60. Ke4 Kxf6 61. Kf4 $11) 53. Ke3 Ra2 54. Rf4+ Kg3 55.
Rf1 (55. Rxe4 Ra6 56. Re5 Kg4 57. Kf2 $11) 55... Kg4 56. Rf4+ Kg3 1/2-1/2

[Event "Seville op 36th"]
[Site "Seville"]
[Date "2011.01.11"]
[Round "5"]
[White "Gonzalez Garcia, Jose"]
[Black "Teran Alvarez, Ismael"]
[Result "1-0"]
[WhiteElo "2503"]
[BlackElo "2432"]
[Annotator "Gonzalez Garcia,J"]
[PlyCount "53"]
[EventDate "2011.01.07"]
[EventType "swiss"]
[EventRounds "9"]
[EventCountry "ESP"]
[SourceTitle "CBM 140 Extra"]
[Source "ChessBase"]
[SourceDate "2011.03.01"]
[SourceVersion "1"]
[SourceVersionDate "2011.03.01"]
[SourceQuality "1"]

1. Nf3 c5 2. e4 d6 3. d4 cxd4 4. Nxd4 Nf6 5. Nc3 Nc6 6. Bg5 Bd7 7. Qd2 Rc8 8.
Nxc6 Bxc6 9. f3 a6 10. O-O-O e6 11. Kb1 Be7 12. h4 O-O 13. Ne2 b5 (13... h6 14.
Be3 d5 15. e5 Nd7 16. f4 Nc5 17. Nd4 $13) 14. Nd4 Qb6 (14... Bb7 15. Bd3) 15.
g4 b4 16. Be3 Qb7 17. g5 $5 {Diagrama #} Nd7 (17... Nxe4 $1 18. fxe4 Bxe4 19.
Rh2 e5 20. Bh3 (20. Nb3 Rxc2 21. Qxc2 Bxc2+ 22. Rxc2 Qf3 23. Re1 $13) (20. h5
exd4 21. Qxd4) (20. Bd3 exd4 21. Bxe4 Qxe4 22. Bxd4 $13) 20... exd4 (20... Rc4
21. Nf5 Rxc2 22. Qxc2 Bxc2+ 23. Rxc2 $18) 21. Bxc8 Rxc8 22. Qxd4 d5 $44) 18. g6
Nc5 (18... hxg6 19. h5 {Con fuerte ataque.}) (18... fxg6 19. Bh3 e5 20. h5 $1
gxh5 (20... exd4 21. Be6+ Kh8 (21... Rf7 22. hxg6 hxg6 23. Qh2) 22. hxg6 $18)
21. Nf5) 19. h5 Bf6 20. Bg5 {Intentando eliminar la mejor pieza defensiva de
las negras.} (20. gxh7+ Kh8 21. h6 g6) 20... Be5 21. gxh7+ Kxh7 $6 (21... Kh8
22. h6 g6 23. Bg2 $1 {Prepara f4 para incomodar al Be5} Kxh7 (23... Na4 24. Ka1
) (23... a5 24. Nxc6 Rxc6 25. f4 Bc3 26. Qf2 $16) 24. Nxc6 (24. Qf2) 24... Rxc6
25. f4 Bc3 26. Qe3 {La posición blanca es muy prometedora.}) 22. Nxc6 Rxc6 $2 (
22... Qxc6 {era el mal menor.} 23. f4 Bf6 (23... Nxe4 24. Bd3) 24. Qg2 $16 (24.
h6 Bxg5 25. hxg7+ Kxg7) (24. Bxf6 gxf6 {no es claro.}) 24... Nxe4 $2 25. Bd3 d5
26. Bxe4+ dxe4 27. h6 $18) 23. f4 $1 Bc3 (23... Nxe4 24. Bd3 $18) 24. Qg2 Na4
$2 {Diagrama #} (24... Rfc8 25. e5 $1 dxe5 26. Bf6) (24... Rcc8 25. Rxd6) (
24... f6 25. Bh4 $16) 25. e5 $1 dxe5 (25... Nxb2 26. Bf6) (25... f5 26. h6 g6
27. Rxd6) (25... f6 26. Rxd6 Rxd6 27. Bd3+) 26. Bf6 $1 Rg8 27. Bd3+ (27. Bd3+
Kh8 28. Qg6 fxg6 (28... e4 29. Qh6#) 29. hxg6# {Comentarios de González para P
Belleza}) 1-0

[Event "Olympiad-31"]
[Site "Moscow"]
[Date "1994.12.11"]
[Round "10.2"]
[White "Hracek, Zbynek"]
[Black "Kotronias, Vasilios"]
[Result "1-0"]
[WhiteElo "2530"]
[BlackElo "2545"]
[Annotator "Hecht,H"]
[PlyCount "113"]
[EventDate "1994.12.01"]
[EventType "team-swiss"]
[EventRounds "14"]
[EventCountry "RUS"]
[SourceTitle "CBM 045"]
[Source "ChessBase"]
[SourceDate "1995.04.01"]
[SourceVersion "1"]
[SourceVersionDate "1995.04.01"]
[SourceQuality "1"]
[WhiteTeam "Czech Republic"]
[BlackTeam "Greece"]
[WhiteTeamCountry "CZE"]
[BlackTeamCountry "GRE"]

1. e4 c5 2. Nf3 Nc6 3. d4 cxd4 4. Nxd4 Nf6 5. Nc3 d6 6. Bg5 e6 7. Qd2 a6 8.
O-O-O Bd7 9. f3 Be7 10. Kb1 O-O 11. h4 Rc8 12. Nxc6 Bxc6 13. Qe1 Qc7 14. Bd3 b5
15. Ne2 b4 16. Nd4 a5 17. Nxc6 Qxc6 18. Qe2 Rb8 19. g4 a4 20. h5 Rfc8 21. h6 b3
22. cxb3 axb3 23. hxg7 bxa2+ 24. Ka1 Qc5 25. Be3 Rxb2 26. Bxc5 Rxe2 27. Bxe2
Rxc5 28. Rc1 Rxc1+ 29. Rxc1 Kxg7 30. Kxa2 $16 {This difficult position is not
defended very well by Black. There are not many pawns left for white to win.}
h5 31. g5 Ng8 (31... Nh7 $1 32. f4 e5 $14) 32. Rg1 e5 33. f4 exf4 34. Bxh5 f3
35. Bxf3 Kg6 36. Rd1 Kxg5 37. Rd5+ Kg6 38. Rb5 Bg5 39. Kb3 Nf6 40. Kc4 (40. Rb7
) 40... Bf4 (40... Nd7 41. Kd5 Ne5 42. Bd1 Be7 $14 {Festung!?}) 41. Rb7 Be5 42.
Kd3 Bf4 43. Kd4 Be5+ 44. Kd3 Bf4 45. Bd1 Nh7 $2 (45... d5 46. exd5 Nxd5 47. Ke4
Ne3 48. Bb3 Bg5 49. Bxf7+ Kf6 50. Bb3 $14) 46. Bh5+ Kxh5 47. Rxf7 Kg4 $6 (47...
Kg6 $5 48. Rxf4 Nf6 49. Kd4 Kg7 (49... Kf7 $2 50. e5 dxe5+ 51. Kxe5 $18) 50.
Rf1 Kg6 $13 {Gewinn, wenn möglich, nachweisen. Analyse!} 51. Ra1 Kf7) 48. Rxh7
Kf3 49. Rf7 Kg3 50. Rf6 Kf3 51. Rf8 Kg3 52. Ke2 Be5 53. Ke3 Kg2 54. Rg8+ Kf1
55. Kf3 Ke1 56. Rg2 Bd4 57. Ra2 $18 {Plan: Kf3-g4-f5-e6; Ta2-a6xd6} 1-0